[Event "Regionalliga SO 9798"]
[Site "Bayern"]
[Date "1998.??.??"]
[Round "?.8"]
[White "Schuler, Matthias"]
[Black "Schmidbauer, Franz"]
[Result "1/2-1/2"]
[WhiteElo "2073"]
[BlackElo "1900"]
[PlyCount "43"]
[EventDate "1997.10.19"]
[EventType "team-tourn"]
[EventRounds "9"]
[EventCountry "GER"]
[SourceTitle "EXT 2020"]
[Source "ChessBase"]
[SourceDate "2019.10.17"]
[SourceVersion "1"]
[SourceVersionDate "2019.10.17"]
[SourceQuality "1"]
[WhiteTeam "Dorfen PSV"]
[BlackTeam "Deggendorf"]
[WhiteTeamCountry "GER"]
[BlackTeamCountry "GER"]

1. e4 d6 2. f4 g6 3. Nf3 Bg7 4. Bc4 Nf6 5. Nc3 c6 6. a4 0-0 7. 0-0 Nxe4 8. Nxe4 d5 9. Bd3 dxe4 10. Bxe4 Nd7 11. c3 Nc5 12. Bc2 Nd3 13. Bxd3 Qxd3 14. Ne5 Qd5 15. d4 c5 16. Be3 cxd4 17. Qxd4 Qxd4 18. Bxd4 Be6 19. a5 Rfd8 20. b4 f6 21. Nf3 Bd5 22. Rae1 1/2-1/2

[Event "Regionalliga SO 9798"]
[Site "Bayern"]
[Date "1997.??.??"]
[Round "?.8"]
[White "Schuler, Matthias"]
[Black "Eichinger, Guenther"]
[Result "1-0"]
[WhiteElo "2073"]
[BlackElo "1890"]
[PlyCount "66"]
[EventDate "1997.10.19"]
[EventType "team-tourn"]
[EventRounds "9"]
[EventCountry "GER"]
[SourceTitle "EXT 2020"]
[Source "ChessBase"]
[SourceDate "2019.10.17"]
[SourceVersion "1"]
[SourceVersionDate "2019.10.17"]
[SourceQuality "1"]
[WhiteTeam "Dorfen PSV"]
[BlackTeam "Ilmmuenster"]
[WhiteTeamCountry "GER"]
[BlackTeamCountry "GER"]

1. e4 e5 2. f4 d5 3. exd5 e4 4. d3 Qxd5 5. Qe2 Nf6 6. dxe4 Nxe4 7. Nd2 f5 8. Ngf3 Bc5 9. Ng5 0-0 10. Ndxe4 fxe4 11. Qb5 Qd4 12. Bc4+ Kh8 13. Rf1 Bg4 14. Bd2 e3 15. Bc3 a6 16. Nf7+ Rxf7 17. Qe8+ Rf8 18. Qxf8+ Bxf8 19. Bxd4 Nc6 20. Bxe3 Nb4 21. Bb3 c5 22. h3 Bf5 23. 0-0-0 b5 24. a3 c4 25. axb4 cxb3 26. c3 a5 27. bxa5 Rxa5 28. Rd8 Kg8 29. Bc5 g6 30. Rxf8+ Kg7 31. Rf2 Ra1+ 32. Kd2 Ra2 33. Rxf5 Rxb2+ 1-0

[Event "Landesliga Sued 9495"]
[Site "Bayern"]
[Date "1995.04.30"]
[Round "8.8"]
[White "Schuler, Matthias"]
[Black "Billenkamp, Thomas"]
[Result "1-0"]
[WhiteElo "1840"]
[BlackElo "1948"]
[PlyCount "80"]
[EventDate "1994.10.09"]
[EventType "team-tourn"]
[EventRounds "9"]
[EventCountry "GER"]
[SourceTitle "EXT 2020"]
[Source "ChessBase"]
[SourceDate "2019.10.17"]
[SourceVersion "1"]
[SourceVersionDate "2019.10.17"]
[SourceQuality "1"]
[WhiteTeam "Dorfen PSV"]
[BlackTeam "Tegernsee TV"]
[WhiteTeamCountry "GER"]
[BlackTeamCountry "GER"]

1. e4 e5 2. Nc3 Nf6 3. Bc4 Bb4 4. d3 c6 5. Bg5 d6 6. a3 Ba5 7. Nf3 0-0 8. h3 Be6 9. b4 Bb6 10. 0-0 Nbd7 11. Qe2 Re8 12. Rfd1 Qc7 13. a4 a5 14. b5 d5 15. bxc6 bxc6 16. exd5 cxd5 17. Nb5 Qc5 18. Bb3 d4 19. Nd2 Bxb3 20. cxb3 Qd5 21. Nc4 Re6 22. Nxb6 Rxb6 23. Nc7 Qb7 24. Nxa8 Qxa8 25. Bxf6 Rxf6 26. Rdc1 Rg6 27. f3 h6 28. Rc7 Nf6 29. Rac1 Qd5 30. Rc8+ Kh7 31. Rb8 Rg3 32. Rb5 Qe6 33. Qxe5 Qxh3 34. Qf5+ Qxf5 35. Rxf5 Kg6 36. Rcc5 Rg5 37. Rxg5+ hxg5 38. Rxa5 Nh5 39. Rb5 Nf4 40. a5 Nxd3 1-0